<?xml version="1.0" encoding="UTF-8"?><?xml-stylesheet type="text/xsl" href="static/style.xsl"?><OAI-PMH xmlns="http://www.openarchives.org/OAI/2.0/" xmlns:xsi="http://www.w3.org/2001/XMLSchema-instance" xsi:schemaLocation="http://www.openarchives.org/OAI/2.0/ http://www.openarchives.org/OAI/2.0/OAI-PMH.xsd"><responseDate>2026-04-13T06:40:14Z</responseDate><request verb="GetRecord" identifier="oai:www.recercat.cat:2117/424709" metadataPrefix="marc">https://recercat.cat/oai/request</request><GetRecord><record><header><identifier>oai:recercat.cat:2117/424709</identifier><datestamp>2025-07-22T22:44:08Z</datestamp><setSpec>com_2072_1033</setSpec><setSpec>col_2072_452951</setSpec></header><metadata><record xmlns="http://www.loc.gov/MARC21/slim" xmlns:dcterms="http://purl.org/dc/terms/" xmlns:xsi="http://www.w3.org/2001/XMLSchema-instance" xmlns:doc="http://www.lyncode.com/xoai" xsi:schemaLocation="http://www.loc.gov/MARC21/slim http://www.loc.gov/standards/marcxml/schema/MARC21slim.xsd">
   <leader>00925njm 22002777a 4500</leader>
   <datafield ind2=" " ind1=" " tag="042">
      <subfield code="a">dc</subfield>
   </datafield>
   <datafield ind2=" " ind1=" " tag="720">
      <subfield code="a">Poyatos Borrajo, David</subfield>
      <subfield code="e">author</subfield>
   </datafield>
   <datafield ind2=" " ind1=" " tag="260">
      <subfield code="c">2025-02-06</subfield>
   </datafield>
   <datafield ind2=" " ind1=" " tag="520">
      <subfield code="a">Aquest projecte presenta el disseny i el desenvolupament d'un mecanisme &#xd;
adaptable a cadires de rodes, destinat a facilitar l'acció de pujar i baixar &#xd;
escales, promovent l'autonomia, la independència i l'accessibilitat dels &#xd;
usuaris amb discapacitat. L'objectiu és proporcionar una solució &#xd;
innovadora que ofereixi mobilitat assistida segura i eficaç, tenint en compte &#xd;
les necessitats específiques d'aquest col·lectiu. &#xd;
 &#xd;
Per comprendre les problemàtiques associades a la mobilitat reduïda, &#xd;
s’han analitzat les lesions per les quals es fan servir les de cadires de &#xd;
rodes i els seus efectes a la vida diària. A més, s’ha investigat l'evolució &#xd;
històrica d'aquests dispositius fins a arribar a una anàlisi del mercat actual &#xd;
de marques i productes existents. També s’han estudiat les normatives i &#xd;
les patents, creant les bases per a un desenvolupament tècnic d'acord amb &#xd;
els estàndards vigents. &#xd;
 &#xd;
Tot això es va utilitzar per crear el disseny 3D del producte, destacant el &#xd;
seu disseny ergonòmic, estabilitat i facilitat d'ús. Es van seleccionar &#xd;
materials adequats i es van definir processos de fabricació considerant la &#xd;
relació cost-benefici. A més, s’ha dut a terme una anàlisi mecànica i de &#xd;
resistències, per garantir la seguretat i la durabilitat del conjunt en &#xd;
condicions reals d'ús. &#xd;
 &#xd;
Es detallen els procediments d'instal·lació i utilització del mecanisme, &#xd;
facilitzant la implementació tant en punts de venda com pels mateixos &#xd;
usuaris. Un estudi econòmic ha permés establir un preu competitiu per al &#xd;
llançament del producte, que s'emmarca dins una estratègia que inclou la &#xd;
creació d'una identitat de marca coherent i atractiva. &#xd;
 &#xd;
Aquest mecanisme representa una solució innovadora i viable, que no &#xd;
només respon a les demandes funcionals dels usuaris, sinó que també &#xd;
contribueix a millorar-ne la qualitat de vida i fomentar una societat més &#xd;
inclusiva.</subfield>
   </datafield>
   <datafield ind2=" " ind1=" " tag="520">
      <subfield code="a">Este proyecto presenta el diseño y desarrollo de un mecanismo adaptable &#xd;
a sillas de ruedas, destinado a facilitar la acción de subir y bajar escaleras, &#xd;
promoviendo la autonomía, la independencia y la accesibilidad de los &#xd;
usuarios con discapacidad. El objetivo es proporcionar una solución &#xd;
innovadora que ofrezca movilidad asistida segura y eficaz, teniendo en &#xd;
cuenta las necesidades específicas de este colectivo. &#xd;
 &#xd;
Para comprender las problemáticas asociadas a la movilidad reducida, se &#xd;
han analizado las lesiones por las que se utilizan las de sillas de ruedas y &#xd;
sus efectos en la vida diaria. Asimismo, se ha investigado la evolución &#xd;
histórica de estos dispositivos hasta llegar a un análisis del mercado actual &#xd;
de marcas y productos existentes. También se han estudiado las &#xd;
normativas y patentes, creando las bases para un desarrollo técnico de &#xd;
acuerdo con los estándares vigentes. &#xd;
 &#xd;
Todo esto se utilizó para crear el diseño 3D del producto, destacando su &#xd;
diseño ergonómico, estabilidad y facilidad de uso. Se seleccionaron &#xd;
materiales adecuados y se definieron procesos de fabricación &#xd;
considerando la relación coste-beneficio. Además, se ha realizado un &#xd;
análisis mecánico y de resistencias, para garantizar la seguridad y la &#xd;
durabilidad del conjunto en condiciones reales de uso. &#xd;
 &#xd;
Se detallan los procedimientos de instalación y utilización del mecanismo, &#xd;
facilitando la implementación tanto en puntos de venta como por los &#xd;
propios usuarios. Un estudio económico ha permitido establecer un precio &#xd;
competitivo para el lanzamiento del producto, que se enmarca en una &#xd;
estrategia que incluye la creación de una identidad de marca coherente y &#xd;
atractiva. &#xd;
 &#xd;
Este mecanismo representa una solución innovadora y viable, que no sólo &#xd;
responde a las demandas funcionales de los usuarios, sino que también &#xd;
contribuye a mejorar su calidad de vida y fomentar una sociedad más &#xd;
inclusiva.</subfield>
   </datafield>
   <datafield ind2=" " ind1=" " tag="520">
      <subfield code="a">This project presents the design and development of a mechanism &#xd;
adaptable to wheelchairs, intended to facilitate the action of going up and &#xd;
down stairs, promoting autonomy, independence and accessibility for &#xd;
disabled users. The objective is to provide an innovative solution that offers &#xd;
safe and effective assisted mobility, addressing the specific needs of this &#xd;
group. &#xd;
 &#xd;
To understand the problems associated with reduced mobility, the injuries &#xd;
for which wheelchairs are used and their effects on daily life were analyzed. &#xd;
In addition, the historical evolution of these devices was investigated, &#xd;
leading to an analysis of the current market, existing brands and products. &#xd;
Regulations and patents were also studied, laying the foundations for &#xd;
technical development in accordance with current standards. &#xd;
 &#xd;
All of the above was used to create the 3D design of the product, &#xd;
highlighting its ergonomic design, stability, and ease of use. Suitable &#xd;
materials were selected and manufacturing processes were defined &#xd;
considering the cost-benefit ratio. In addition, a mechanical and resistance &#xd;
analysis was carried out to guarantee the safety and durability of the set &#xd;
under real conditions of use. &#xd;
 &#xd;
The installation and use procedures for the mechanism were detailed, &#xd;
facilitating its implementation both at points of sale and by the users &#xd;
themselves. An economic study made it possible to establish a competitive &#xd;
price for the launch of the product, which is part of a strategy that includes &#xd;
the creation of a coherent and attractive brand identity. &#xd;
 &#xd;
This mechanism represents an innovative and viable solution, which not &#xd;
only responds to the functional demands of users, but also contributes to &#xd;
improving their quality of life and promoting a more inclusive society.</subfield>
   </datafield>
   <datafield tag="653" ind2=" " ind1=" ">
      <subfield code="a">Àrees temàtiques de la UPC::Arquitectura::Disseny::Disseny industrial</subfield>
   </datafield>
   <datafield tag="653" ind2=" " ind1=" ">
      <subfield code="a">Wheelchairs</subfield>
   </datafield>
   <datafield tag="653" ind2=" " ind1=" ">
      <subfield code="a">Barrier-free design</subfield>
   </datafield>
   <datafield tag="653" ind2=" " ind1=" ">
      <subfield code="a">Industrial design</subfield>
   </datafield>
   <datafield tag="653" ind2=" " ind1=" ">
      <subfield code="a">Cadires de rodes</subfield>
   </datafield>
   <datafield tag="653" ind2=" " ind1=" ">
      <subfield code="a">Accessibilitat</subfield>
   </datafield>
   <datafield tag="653" ind2=" " ind1=" ">
      <subfield code="a">Mobilitat assistida</subfield>
   </datafield>
   <datafield tag="653" ind2=" " ind1=" ">
      <subfield code="a">Disseny ergonòmic</subfield>
   </datafield>
   <datafield tag="653" ind2=" " ind1=" ">
      <subfield code="a">Escales</subfield>
   </datafield>
   <datafield tag="653" ind2=" " ind1=" ">
      <subfield code="a">Autonomia</subfield>
   </datafield>
   <datafield tag="653" ind2=" " ind1=" ">
      <subfield code="a">Independència</subfield>
   </datafield>
   <datafield tag="653" ind2=" " ind1=" ">
      <subfield code="a">Estabilitat</subfield>
   </datafield>
   <datafield tag="653" ind2=" " ind1=" ">
      <subfield code="a">Discapacitat</subfield>
   </datafield>
   <datafield tag="653" ind2=" " ind1=" ">
      <subfield code="a">Innovació</subfield>
   </datafield>
   <datafield tag="653" ind2=" " ind1=" ">
      <subfield code="a">Cadires de rodes</subfield>
   </datafield>
   <datafield tag="653" ind2=" " ind1=" ">
      <subfield code="a">Supressió de barreres arquitectòniques</subfield>
   </datafield>
   <datafield tag="653" ind2=" " ind1=" ">
      <subfield code="a">Disseny industrial</subfield>
   </datafield>
   <datafield ind2="0" ind1="0" tag="245">
      <subfield code="a">Solució modular per a l'accés a escales mitjançant cadires de rodes</subfield>
   </datafield>
</record></metadata></record></GetRecord></OAI-PMH>